000 00631nam a2200265Ia 4500
005 20260306163458.0
008 008 260114s9999 xx 000 0 eng d
020 _a9780813134901
037 _aEBOOK
040 _aCRL
040 _beng
040 _cCRL
041 _2eng
041 _aeng
084 _qCRL
100 _aWittern-keller
_91128715
245 0 _aFreedom Of The Screen
260 _bKentucky Scholarship Online
260 _c2011
650 _aJournalism & Mass Communication
856 _uhttps://academic.oup.com/book/33194
942 _cEBOOK
999 _c1710262
_d1710262